Historia natural de la religión

Gespeichert in:
Bibliographische Detailangaben
1. Verfasser: Hume, David (VerfasserIn)
Format: Buch
Sprache:Spanisch
Veröffentlicht: Madrid Trotta 2003
Ausgabe:1a. ed
Schriftenreihe:Clásicos de la Cultura, 22
Schlagworte:
Tags: Tag hinzufügen
Keine Tags, Fügen Sie den ersten Tag hinzu!

MARC

LEADER 00000nam a2200000 a 4500
001 UCK5082
003 CL-VaPUC
005 20210319001609.0
008 050708e20030000SP |||||||||||||||||spa|d
999 |c 313765  |d 313763 
020 |a 8481646105 
040 |c Pontificia Universidad Católica de Valparaíso 
082 0 4 |a 210  |b HUM  |2 21 
100 |a Hume, David  |e author  |9 858138 
245 1 0 |a Historia natural de la religión 
250 |a 1a. ed 
260 |a Madrid  |b Trotta  |c 2003 
300 |a 151 p 
490 0 |a Clásicos de la Cultura, 22 
583 |a last modification  |c 20050708 00:00:00  |k Rodrigo Vera 
650 0 |a Filosofía de la religión   |9 256017 
650 7 |a PSICOLOGIA DE LA RELIGION  |2 CL-VaPUC  |9 310502 
650 7 |a POLITEISMO  |2 CL-VaPUC  |9 389619 
852 |a BIBCUR 
942 |c BK  |2 ddc 
945 |d 20050708 00:00:00  |a cmena 
952 |0 0  |1 0  |4 0  |6 210_000000000000000_HUM_2003  |7 0  |8 A  |9 385265  |a BIBEDU  |b BIBEDU  |d 2019-11-22  |i 4453964  |o 210 HUM 2003  |p 4453964  |r 2019-11-22  |w 2019-11-22  |y BK  |k FIL